Comparing of fertilizer on chinese kale crop at royal university of agriculture ការប្រៀបធៀបជីលើដំណាំខាត់ណាដើមក្នុងលក្ខ័ខ័ណ្ខសាកលវិទ្យាល័យភូមិន្ទកសិកម្ម (Record no. 637)
[ view plain ]
| 000 -LEADER | |
|---|---|
| fixed length control field | 00612nam a22001457a 4500 |
| 003 - CONTROL NUMBER IDENTIFIER | |
| control field | OSt |
| 005 - DATE AND TIME OF LATEST TRANSACTION | |
| control field | 20150917110925.0 |
| 008 - FIXED-LENGTH DATA ELEMENTS--GENERAL INFORMATION | |
| fixed length control field | 150917b xxu||||| |||| 00| 0 eng d |
| 040 ## - CATALOGING SOURCE | |
| Transcribing agency | RUA |
| 082 ## - DEWEY DECIMAL CLASSIFICATION NUMBER | |
| Classification number | AGR SO 2002 B023 Or.1 |
| 100 ## - MAIN ENTRY--PERSONAL NAME | |
| 9 (RLIN) | 659 |
| Personal name | SO, SOKCHEATH. |
| 245 ## - TITLE STATEMENT | |
| Title | Comparing of fertilizer on chinese kale crop at royal university of agriculture ការប្រៀបធៀបជីលើដំណាំខាត់ណាដើមក្នុងលក្ខ័ខ័ណ្ខសាកលវិទ្យាល័យភូមិន្ទកសិកម្ម |
| 300 ## - PHYSICAL DESCRIPTION | |
| Extent | 58p. |
| Other physical details | ill. |
| Dimensions | 29cm. |
| 942 ## - ADDED ENTRY ELEMENTS (KOHA) | |
| Source of classification or shelving scheme | |
| Koha item type | AGR |
| Price effective from | Date last seen | Permanent Location | Not for loan | Date acquired | Source of classification or shelving scheme | Koha item type | Lost status | Withdrawn status | Total Renewals | Date last checked out | Total Checkouts | Shelving location | Damaged status | Barcode | Current Location | Full call number |
|---|---|---|---|---|---|---|---|---|---|---|---|---|---|---|---|---|
| 2015-09-17 | 2024-12-24 | Library Block B | 2015-09-17 | AGR | 2024-12-17 | 12 | B023 | RUA002522 | Library Block B | AGR SO 2002 B023 Or.1 | ||||||
| 2016-10-27 | 2025-03-13 | Library Block B | 2016-10-27 | AGR | 2 | 2025-02-12 | 7 | B023 | A00451 | Library Block B | AGR SO 2002 B023 Or.2 |